| Tag |
First Indicator |
Second Indicator |
Subfields |
| LEADER |
00000nam a2200000 i 4500 |
| 001 |
in00004643166 |
| 008 |
230120s1986 ctu r s000 0 eng d |
| 005 |
20230120143243.9 |
| 035 |
|
|
|a (OCoLC)on1362871899
|
| 040 |
|
|
|a TXA
|b eng
|e rda
|c TXA
|
| 035 |
|
|
|a (OCoLC)1362871899
|
| 043 |
|
|
|a n-us-ct
|
| 090 |
|
|
|a RA643.84.C8
|b A32 1986
|
| 245 |
0 |
0 |
|a AIDS :
|b a resource guide for Connecticut.
|
| 250 |
|
|
|a Revised 9/86.
|
| 264 |
|
1 |
|a Hartford, Connecticut :
|b State of Connecticut, Department of Health Services, Aids Program,
|c [1986]
|
| 300 |
|
|
|a 10 pages ;
|c 22 cm
|
| 336 |
|
|
|a text
|b txt
|2 rdacontent
|
| 337 |
|
|
|a unmediated
|b n
|2 rdamedia
|
| 338 |
|
|
|a volume
|b nc
|2 rdacarrier
|
| 500 |
|
|
|a Cover title.
|
| 500 |
|
|
|a The Cushing Library/Women & Gender Studies copy was acquired as part of The Don Kelly Research Collection of Gay Literature and Culture.
|5 TXA
|
| 650 |
|
0 |
|a AIDS (Disease)
|x Patients
|x Services for
|v Directories.
|
| 655 |
|
7 |
|a Directories.
|2 lcgft
|
| 710 |
1 |
|
|a Connecticut.
|b State Department of Health Services.
|b Aids Program,
|e issuing body.
|
| 994 |
|
|
|a Z0
|b TXA
|
| 948 |
|
|
|h HELD BY TXA - 0 OTHER HOLDINGS
|
| 999 |
f |
f |
|s f3651c48-0ec6-4b0f-8177-2b56e0a92ad6
|i 03e8204b-459d-4c83-beeb-78aba24b0e8b
|t 0
|
| 952 |
f |
f |
|p noncirc
|a Texas A&M University
|b College Station
|c Cushing Memorial Library & Archives
|d Cushing: Women & Gender Studies (Does not check out)
|t 0
|e RA643.84.C8 A32 1986
|f Vertical File
|h Library of Congress classification
|i unmediated -- volume
|m A14853034746
|
| 998 |
f |
f |
|a RA643.84.C8 A32 1986
|t 0
|l Cushing: Women & Gender Studies (Does not check out)
|